| 000 | 00877nam a22002777a 4500 | ||
|---|---|---|---|
| 001 | 6450 | ||
| 003 | FISKH | ||
| 005 | 20250505100611.0 | ||
| 008 | 250505b cb ||||| |||| 00| 0 eng d | ||
| 020 | _a078073003501 | ||
| 040 |
_aFISKH _beng _cFISKH _dFISKH |
||
| 050 | _aPZ7 | ||
| 082 | _a813 | ||
| 100 | _aLee, Quinlan B. | ||
| 245 |
_aCare Bears: _bTrick or treat / _cby Quinlan B. Lee ; illustrated by Jay Johnson |
||
| 260 |
_aNew York : _bScholastic, _c2004. |
||
| 300 |
_a24 unnumbered pages : _bcolor illustrations ; _c21 cm |
||
| 505 | _aG | ||
| 520 | _aThe Care Bears go on a search for Halloween costumes and pumpkins for the Halloween party. | ||
| 521 | 8 |
_a300
_bLexile estimate |
|
| 521 | 8 |
_aG
_bRaz-Plus |
|
| 650 |
_2Anthropomorphism _aBears _vHalloween |
||
| 700 |
_aJohnson, Jay _eillustrator |
||
| 942 |
_2ddc _cBK _n0 |
||
| 999 |
_c6450 _d6450 |
||